[Event "Aragon-chT Honor Descenso"]
[Site "Aragon"]
[Date "2023.03.18"]
[Round "8.26"]
[White "Bellosta Lopez, Pablo"]
[Black "Hidalgo Gracia, Andres"]
[Result "0-1"]
[WhiteElo "2017"]
[BlackElo "1852"]
[PlyCount "60"]
[EventDate "2023.03.18"]
[EventType "team-tourn"]
[EventRounds "10"]
[EventCountry "ESP"]
[SourceTitle "EXT 2024"]
[Source "ChessBase"]
[SourceDate "2023.10.10"]
[SourceVersion "1"]
[SourceVersionDate "2023.10.10"]
[SourceQuality "1"]
[WhiteTeam "Huesca Club Atletismo"]
[BlackTeam "Monzon"]
[WhiteTeamCountry "ESP"]
[BlackTeamCountry "ESP"]

1. e4 e5 2. Bc4 Nf6 3. d3 Nc6 4. Nc3 Bc5 5. f4 d6 6. f5 Na5 7. Bg5 Nxc4 8. dxc4 c6 9. Qd3 Qb6 10. 0-0-0 Ng4 11. Nh3 Bd4 12. Na4 Qa5 13. c3 Qxa4 14. cxd4 Qxa2 15. dxe5 Nxe5 16. Qxd6 Qxc4+ 17. Kd2 f6 18. Ke3 Qb3+ 19. Kf4 Nf7 20. Qc7 fxg5+ 21. Nxg5 0-0 22. h4 Qb6 23. Qe7 Qf2+ 24. Kg4 Nh6+ 25. Kh3 Bxf5+ 26. exf5 Qxf5+ 27. Kh2 Ng4+ 28. Kh3 Ne3+ 29. Kh2 Qf4+ 30. Kg1 Qf2+ 0-1

[Event "Aragon-chT Honor Pl 7-10"]
[Site "Aragon"]
[Date "2022.03.19"]
[Round "8.19"]
[White "Hernando Garcia, Antonio"]
[Black "Bellosta Lopez, Pablo"]
[Result "0-1"]
[WhiteElo "2133"]
[BlackElo "1980"]
[PlyCount "100"]
[EventDate "2022.03.19"]
[EventType "team-tourn"]
[EventRounds "9"]
[EventCountry "ESP"]
[SourceTitle "EXT 2024"]
[Source "ChessBase"]
[SourceDate "2023.10.10"]
[SourceVersion "1"]
[SourceVersionDate "2023.10.10"]
[SourceQuality "1"]
[WhiteTeam "El Olivar"]
[BlackTeam "Huesca Club Atletismo"]
[WhiteTeamCountry "ESP"]
[BlackTeamCountry "ESP"]

1. c4 e6 2. Nf3 d5 3. cxd5 exd5 4. d4 c6 5. Nc3 Nf6 6. Bg5 h6 7. Bh4 Bf5 8. e3 Be7 9. Bd3 Bxd3 10. Qxd3 Nbd7 11. Bxf6 Nxf6 12. 0-0 0-0 13. Rfc1 Re8 14. Nd2 Bd6 15. Nf1 Ng4 16. Qf5 Qh4 17. g3 Qg5 18. Qxg5 hxg5 19. h3 Nh6 20. g4 f5 21. f3 Re6 22. Re1 Rae8 23. Kf2 fxg4 24. hxg4 Rf8 25. Ke2 b5 26. Rad1 Bc7 27. a4 bxa4 28. Ra1 Rb8 29. Nxa4 c5 30. Nxc5 Rxb2+ 31. Nd2 Re8 32. Rxa7 Bf4 33. Kd3 Nf7 34. Rd7 Bd6 35. Ra1 Bxc5 36. dxc5 Ne5+ 37. Kc3 Rxd2 38. Kxd2 Nxd7 39. c6 Ne5 40. c7 Rc8 41. Ra7 Kf7 42. Ke2 Ke7 43. Ra5 Kd6 44. Ra6+ Nc6 45. f4 gxf4 46. exf4 Rxc7 47. g5 Kc5 48. Kf3 Ra7 49. Rxa7 Nxa7 50. f5 Nc6 0-1

[Event "Aragon-chT Honor 7_10"]
[Site "Aragon"]
[Date "2017.03.18"]
[Round "8.19"]
[White "Bellosta Lopez, Pablo"]
[Black "Hernando Garcia, Antonio"]
[Result "1-0"]
[WhiteElo "2066"]
[BlackElo "2185"]
[PlyCount "111"]
[EventDate "2017.03.11"]
[EventType "team-tourn"]
[EventRounds "9"]
[EventCountry "ESP"]
[SourceTitle "EXT 2018"]
[Source "ChessBase"]
[SourceDate "2017.10.13"]
[SourceVersion "1"]
[SourceVersionDate "2017.10.13"]
[SourceQuality "1"]
[WhiteTeam "St Casablanca II"]
[BlackTeam "El Olivar"]
[WhiteTeamCountry "ESP"]
[BlackTeamCountry "ESP"]

1. e4 d5 2. exd5 Qxd5 3. Nc3 Qd8 4. Bc4 c6 5. d4 Bf5 6. Nf3 e6 7. Ne5 Nd7 8. Qe2 Nxe5 9. dxe5 Bb4 10. 0-0 Qh4 11. Bd3 Bxd3 12. Qxd3 Rd8 13. Qe4 Qxe4 14. Nxe4 Nh6 15. Bxh6 gxh6 16. Nf6+ Kf8 17. Rad1 Kg7 18. c4 Be7 19. Ne4 b6 20. f4 h5 21. Kf2 Kg6 22. a3 Kf5 23. Ke3 h4 24. g4+ Kxg4 25. Rg1+ Kh5 26. Rxd8 Rxd8 27. Rg7 Rf8 28. Nf6+ Kh6 29. Rg4 Bxf6 30. exf6 Rd8 31. Rg7 Rd7 32. b4 c5 33. Ke4 Rd2 34. bxc5 bxc5 35. h3 Re2+ 36. Kf3 Ra2 37. Rxf7 Rxa3+ 38. Ke4 Kg6 39. Rf8 Rxh3 40. Ke5 Re3+ 41. Kd6 Re4 42. Ke7 Rxc4 43. Rg8+ Kh6 44. f5 Rf4 45. Kxe6 Re4+ 46. Kd5 Rd4+ 47. Ke5 Rd7 48. Ke6 Rb7 49. f7 Rxf7 50. Kxf7 Kh5 51. Ke6 h3 52. Rg1 Kh4 53. f6 h2 54. Rh1 Kg3 55. f7 Kg2 56. f8Q 1-0

[Event "Aragon-chT Honor GrB"]
[Site "Aragon"]
[Date "2016.02.20"]
[Round "4.28"]
[White "Cid Royo, Oscar"]
[Black "Bellosta Lopez, Pablo"]
[Result "0-1"]
[WhiteElo "2040"]
[BlackElo "2071"]
[PlyCount "120"]
[EventDate "2016.01.30"]
[EventType "team-tourn"]
[EventRounds "7"]
[EventCountry "ESP"]
[SourceTitle "EXT 2018"]
[Source "ChessBase"]
[SourceDate "2017.10.13"]
[SourceVersion "1"]
[SourceVersionDate "2017.10.13"]
[SourceQuality "1"]
[WhiteTeam "La Aurora Estadilla"]
[BlackTeam "St Casablanca II"]
[WhiteTeamCountry "ESP"]
[BlackTeamCountry "ESP"]

1. d4 d5 2. Nf3 c6 3. g3 Nf6 4. Bg2 Bf5 5. 0-0 e6 6. b3 Be7 7. Bb2 0-0 8. Nbd2 h6 9. c4 Nbd7 10. Ne5 Nxe5 11. dxe5 Ne8 12. cxd5 exd5 13. e4 dxe4 14. Nxe4 Nc7 15. Nd6 Bxd6 16. exd6 Ne8 17. Ba3 Qd7 18. Re1 Be6 19. Qd4 Nf6 20. Bb2 Rfe8 21. Rad1 a6 22. Re3 Bg4 23. Rde1 Rxe3 24. Rxe3 Re8 25. Qf4 Rxe3 26. fxe3 Ne8 27. Ba3 Be6 28. Qd4 f5 29. e4 fxe4 30. Bxe4 Nf6 31. Bf3 Qd8 32. Qe5 Bd7 33. Be2 Qe8 34. Bc4+ Kf8 35. Be6 b6 36. Qf5 c5 37. Bxd7 Qxd7 38. Qf4 Qg4 39. Qxg4 Nxg4 40. b4 cxb4 41. Bxb4 Ke8 42. Kg2 Kd7 43. Kf3 Nxh2+ 44. Kf4 h5 45. Kg5 Nf1 46. Kxh5 Nxg3+ 47. Kg6 Ne4 48. Kxg7 a5 49. Be1 Kxd6 50. Kf7 Nc5 51. Ke8 Nd3 52. Bg3+ Kc6 53. Ke7 Nb4 54. a3 Nc2 55. Bd6 Ne3 56. Ke6 Nc4 57. Be7 b5 58. Bf8 Nxa3 59. Bxa3 b4 60. Bb2 Kc5 0-1

[Event "Aragon-chT Honor GrB"]
[Site "Aragon"]
[Date "2016.02.06"]
[Round "2.32"]
[White "Carraminana Lopez, Luis Antonio"]
[Black "Bellosta Lopez, Pablo"]
[Result "1-0"]
[WhiteElo "1928"]
[BlackElo "2071"]
[PlyCount "46"]
[EventDate "2016.01.30"]
[EventType "team-tourn"]
[EventRounds "7"]
[EventCountry "ESP"]
[SourceTitle "EXT 2018"]
[Source "ChessBase"]
[SourceDate "2017.10.13"]
[SourceVersion "1"]
[SourceVersionDate "2017.10.13"]
[SourceQuality "1"]
[WhiteTeam "Caissa Hermanos Cortes"]
[BlackTeam "St Casablanca II"]
[WhiteTeamCountry "ESP"]
[BlackTeamCountry "ESP"]

1. e4 c5 2. Nf3 g6 3. d4 cxd4 4. Qxd4 Nf6 5. e5 Nc6 6. Qa4 Nd5 7. Qe4 Nc7 8. Nc3 Bg7 9. Bf4 0-0 10. 0-0-0 a6 11. h4 b5 12. h5 b4 13. hxg6 fxg6 14. Bc4+ e6 15. Rxh7 Kxh7 16. Rh1+ Kg8 17. Qxg6 Rxf4 18. Ng5 Qxg5 19. Qxg5 Rf5 20. Qxf5 bxc3 21. Rh7 cxb2+ 22. Kb1 Ne8 23. Qh5 Bxe5 1-0

[Event "Aragon-chT Honor GrA"]
[Site "Aragon"]
[Date "2015.01.31"]
[Round "2.12"]
[White "Mimbela Lopez, Miguel Angel"]
[Black "Bellosta Lopez, Pablo"]
[Result "1-0"]
[WhiteElo "2148"]
[BlackElo "2074"]
[PlyCount "68"]
[EventDate "2015.01.24"]
[EventType "team-tourn"]
[EventRounds "7"]
[EventCountry "ESP"]
[SourceTitle "EXT 2017"]
[Source "ChessBase"]
[SourceDate "2016.10.25"]
[SourceVersion "1"]
[SourceVersionDate "2016.10.25"]
[SourceQuality "1"]
[WhiteTeam "Agrupacion"]
[BlackTeam "St Casablanca II"]
[WhiteTeamCountry "ESP"]
[BlackTeamCountry "ESP"]

1. e4 c5 2. Nc3 g6 3. Bc4 Bg7 4. Qf3 e6 5. Nb5 d6 6. Qg3 e5 7. Qb3 Nh6 8. Qd3 Bf8 9. a4 Nc6 10. Nf3 Be7 11. Qe2 Ng8 12. d3 Be6 13. Bxe6 fxe6 14. h4 a6 15. Na3 Qa5+ 16. Bd2 Qc7 17. h5 Bf6 18. hxg6 hxg6 19. Rxh8 Bxh8 20. Ng5 Qe7 21. Qg4 Kd7 22. 0-0-0 Nf6 23. Qh3 Bg7 24. Qg3 b5 25. Nf3 Qe8 26. Rh1 bxa4 27. Nc4 Rb8 28. Nh4 Ne7 29. Ba5 Qf7 30. Nxd6 Kxd6 31. Qxe5+ Kd7 32. Qc7+ Ke8 33. Qxb8+ Nc8 34. Qxc8+ Ke7 1-0

[Event "Aragon-chT Honor GrA"]
[Site "Aragon"]
[Date "2014.02.22"]
[Round "5.16"]
[White "Bellosta Lopez, Pablo"]
[Black "Gil Pineiro, David"]
[Result "1-0"]
[WhiteElo "2071"]
[BlackElo "1911"]
[PlyCount "63"]
[EventDate "2014.01.25"]
[EventType "team-tourn"]
[EventRounds "7"]
[EventCountry "ESP"]
[SourceTitle "EXT 2015"]
[Source "ChessBase"]
[SourceDate "2014.11.20"]
[SourceVersion "1"]
[SourceVersionDate "2014.11.20"]
[SourceQuality "1"]
[WhiteTeam "St Casablanca II"]
[BlackTeam "Teruel"]
[WhiteTeamCountry "ESP"]
[BlackTeamCountry "ESP"]

1. d4 d5 2. Nf3 Nf6 3. e3 c5 4. c3 Nc6 5. dxc5 a5 6. Bb5 e6 7. b4 Bd7 8. Qb3 Be7 9. 0-0 0-0 10. a4 Rb8 11. Ba3 Qc7 12. Nbd2 Rfe8 13. Rac1 e5 14. c4 axb4 15. Bb2 e4 16. Nd4 Ne5 17. Qxb4 Bxc5 18. Qc3 dxc4 19. Nxc4 Nxc4 20. Bxc4 Ng4 21. g3 Ne5 22. Bxf7+ Kxf7 23. Qxc5 Qxc5 24. Rxc5 Nd3 25. Rc7 Re7 26. Ba3 Ra8 27. Rb1 Rxa4 28. Bxe7 Kxe7 29. Rbxb7 Ne5 30. Nc6+ Kd6 31. Nxe5 Bh3 32. Nc4+ 1-0

[Event "Aragon-chT Honor GrA"]
[Site "Aragon"]
[Date "2014.02.01"]
[Round "2.12"]
[White "Garcia Monterde, Francisco Jose"]
[Black "Bellosta Lopez, Pablo"]
[Result "0-1"]
[WhiteElo "1986"]
[BlackElo "2071"]
[PlyCount "82"]
[EventDate "2014.01.25"]
[EventType "team-tourn"]
[EventRounds "7"]
[EventCountry "ESP"]
[SourceTitle "EXT 2015"]
[Source "ChessBase"]
[SourceDate "2014.11.20"]
[SourceVersion "1"]
[SourceVersionDate "2014.11.20"]
[SourceQuality "1"]
[WhiteTeam "IberCaja"]
[BlackTeam "St Casablanca II"]
[WhiteTeamCountry "ESP"]
[BlackTeamCountry "ESP"]

1. c4 e6 2. Nf3 d5 3. b3 Nf6 4. Bb2 Be7 5. g3 0-0 6. Bg2 Nbd7 7. 0-0 c6 8. Qc2 b5 9. d3 Bb7 10. Nbd2 Bd6 11. d4 a5 12. Rfe1 bxc4 13. bxc4 Ba6 14. e4 Bb4 15. a3 Be7 16. Ne5 Rc8 17. Qa4 Nxe5 18. dxe5 Ng4 19. cxd5 Bc5 20. Bd4 Bb5 21. Qd1 Bxd4 22. Qxg4 Bxa1 23. Rxa1 cxd5 24. exd5 exd5 25. Rd1 Qe7 26. Qd4 Rfe8 27. Re1 Qc5 28. Nb3 Qc3 29. Qxc3 Rxc3 30. Nxa5 Rxa3 31. Nb7 Bc4 32. f4 Rea8 33. Kf2 Ra2+ 34. Kg1 Rb2 35. Nd6 Raa2 36. Bf3 Rf2 37. Bh1 Rxh2 38. f5 Kf8 39. Bf3 Rhf2 40. Bh1 Rfe2 41. Rb1 Rxe5 0-1

[Event "Aragon-chT Honor GrA"]
[Site "Aragon"]
[Date "2013.02.16"]
[Round "4.15"]
[White "Bellosta Lopez, Pablo"]
[Black "Garcia Monterde, Francisco Jose"]
[Result "1-0"]
[WhiteElo "2072"]
[BlackElo "2036"]
[PlyCount "49"]
[EventDate "2013.01.26"]
[EventType "team"]
[EventRounds "7"]
[EventCountry "ESP"]
[SourceTitle "EXT 2014"]
[Source "ChessBase"]
[SourceDate "2013.11.20"]
[SourceVersion "1"]
[SourceVersionDate "2013.11.20"]
[SourceQuality "1"]
[WhiteTeam "Huesca Club Atletismo"]
[BlackTeam "IberCaja II"]
[WhiteTeamCountry "ESP"]
[BlackTeamCountry "ESP"]

1. e4 c5 2. Nf3 e6 3. d4 cxd4 4. Nxd4 Bc5 5. Be3 Qb6 6. c3 Nc6 7. Nd2 Nxd4 8. Nc4 Qc6 9. Bxd4 Qxe4+ 10. Be2 Be7 11. 0-0 Nf6 12. Bf3 Qf4 13. Qa4 0-0 14. Be5 Qg5 15. Bd6 Bxd6 16. Nxd6 Qc5 17. Rfd1 Rb8 18. b4 Qb6 19. c4 Qa6 20. Qb3 b5 21. c5 Qa4 22. Qb2 Rd8 23. Rd3 a5 24. a3 Nd5 25. Rxd5 1-0

[Event "Mislata op-B 20th"]
[Site "Mislata"]
[Date "2012.08.17"]
[Round "7"]
[White "Bellosta Lopez, Pablo"]
[Black "Martinez Hernandez, Javier"]
[Result "1-0"]
[WhiteElo "2066"]
[BlackElo "1963"]
[PlyCount "50"]
[EventDate "2012.08.13"]
[EventType "swiss"]
[EventRounds "9"]
[EventCountry "ESP"]
[SourceTitle "EXT 2013"]
[Source "ChessBase"]
[SourceDate "2012.11.22"]
[SourceVersion "1"]
[SourceVersionDate "2012.11.22"]
[SourceQuality "1"]

1. e4 g6 2. d4 Bg7 3. Nc3 d6 4. Be3 Nf6 5. f3 0-0 6. Qd2 e5 7. Nge2 Nbd7 8. 0-0-0 a6 9. g4 exd4 10. Nxd4 b5 11. h4 b4 12. Nce2 Ne5 13. g5 Nxf3 14. Nxf3 Nxe4 15. Qd5 Bf5 16. Nfd4 c6 17. Nxc6 Qc7 18. Ned4 Rfe8 19. Nxf5 gxf5 20. Bd3 Rac8 21. Nd4 Nc5 22. Nxf5 Re5 23. Qxd6 Bf8 24. Qxc7 Nxd3+ 25. Rxd3 Rxc7 1-0

[Event "Mislata op-B 20th"]
[Site "Mislata"]
[Date "2012.08.16"]
[Round "5"]
[White "Bellosta Lopez, Pablo"]
[Black "Nieves Cabanes, Jose Manuel"]
[Result "0-1"]
[WhiteElo "2066"]
[BlackElo "1872"]
[PlyCount "104"]
[EventDate "2012.08.13"]
[EventType "swiss"]
[EventRounds "9"]
[EventCountry "ESP"]
[SourceTitle "EXT 2013"]
[Source "ChessBase"]
[SourceDate "2012.11.22"]
[SourceVersion "1"]
[SourceVersionDate "2012.11.22"]
[SourceQuality "1"]

1. e4 c5 2. Nf3 Nc6 3. Bb5 d6 4. Bxc6+ bxc6 5. 0-0 g6 6. c3 Bg7 7. d4 cxd4 8. cxd4 Bg4 9. Nbd2 Bxd4 10. Qa4 Bg7 11. Qxc6+ Bd7 12. Qb7 Nf6 13. e5 dxe5 14. Nxe5 0-0 15. Nxd7 Nxd7 16. Nf3 Nc5 17. Qb5 Ne6 18. Be3 Qb8 19. Qa6 Rc8 20. Rac1 Nc7 21. Qe2 Nd5 22. Bd4 Bxd4 23. Nxd4 Qb4 24. Qe5 Qb7 25. b3 Rc7 26. Rcd1 Nb4 27. Rd2 Rac8 28. Rfd1 Rc1 29. a3 Nc6 30. Qe4 Rxd1+ 31. Rxd1 Qd7 32. h3 Rd8 33. Qxc6 Qxc6 34. Nxc6 Rxd1+ 35. Kh2 Rd3 36. Nxe7+ Kg7 37. Nc6 Rxb3 38. Nxa7 Rxa3 39. Nc6 Kf6 40. Nd4 h5 41. Nf3 Rxf3 42. gxf3 h4 43. Kg2 Kf5 44. Kf1 Kf4 45. Kg2 f6 46. Kg1 Kxf3 47. Kf1 f5 48. Kg1 f4 49. Kf1 g5 50. Kg1 Ke2 51. Kg2 f3+ 52. Kh1 Kxf2 0-1

[Event "Aragon-chT Preferente Ascenso"]
[Site "Aragon"]
[Date "2012.04.15"]
[Round "11.35"]
[White "Bellosta Lopez, Pablo"]
[Black "Sancho Cortes, Miguel Angel"]
[Result "1/2-1/2"]
[WhiteElo "2042"]
[BlackElo "2094"]
[PlyCount "134"]
[EventDate "2012.02.04"]
[EventType "team-tourn"]
[EventRounds "2"]
[EventCountry "ESP"]
[SourceTitle "EXT 2014"]
[Source "ChessBase"]
[SourceDate "2013.11.20"]
[SourceVersion "1"]
[SourceVersionDate "2013.11.20"]
[SourceQuality "1"]
[WhiteTeam "Atl Huesca"]
[BlackTeam "Marcos Frechin"]
[WhiteTeamCountry "ESP"]
[BlackTeamCountry "ESP"]

1. c4 e5 2. Nc3 Nf6 3. g3 g6 4. Bg2 Bg7 5. e3 0-0 6. Nge2 c6 7. Qb3 d6 8. 0-0 Nbd7 9. d4 Qe7 10. a4 a5 11. Bd2 Ra6 12. Qc2 Nb6 13. b3 exd4 14. Nxd4 d5 15. cxd5 Nbxd5 16. Nxd5 Nxd5 17. Rac1 Nb4 18. Qc5 Qxc5 19. Rxc5 Rd8 20. Bxb4 axb4 21. Rc4 Bf8 22. Rfc1 c5 23. Rxc5 Bxc5 24. Rxc5 Rb6 25. Rc7 Re8 26. Bd5 Rf8 27. Kg2 Kg7 28. a5 Ra6 29. Rxc8 Rxc8 30. Bxb7 Rca8 31. Bxa8 Rxa8 32. Nc6 Kf6 33. e4 Ra6 34. Nxb4 Rxa5 35. Nd5+ Ke5 36. b4 Ra2 37. Nc3 Rb2 38. b5 Kd4 39. Nd1 Rxb5 40. Kf3 Rb3+ 41. Ne3 f6 42. h4 h6 43. Kf4 Rb2 44. Kf3 g5 45. Nf5+ Ke5 46. Nxh6 gxh4 47. Ng4+ Ke6 48. gxh4 f5 49. exf5+ Kxf5 50. Ne3+ Kg6 51. Kg3 Kh5 52. Ng2 Rb4 53. f3 Ra4 54. Nf4+ Kh6 55. Nd5 Rd4 56. Nf6 Kg6 57. Ne4 Kf5 58. Nf2 Rd2 59. Ne4 Rd8 60. Nf2 Rd2 61. Ng4 Rd8 62. Ne3+ Ke5 63. h5 Rh8 64. h6 Ke6 65. Ng4 Kf5 66. Kh4 Kf4 67. Kh5 Rxh6+ 1/2-1/2

[Event "Aragon-chT Preferente B"]
[Site "Aragon"]
[Date "2012.03.31"]
[Round "9.55"]
[White "Salas Latorre, Jose"]
[Black "Bellosta Lopez, Pablo"]
[Result "0-1"]
[WhiteElo "1783"]
[BlackElo "2042"]
[PlyCount "74"]
[EventDate "2012.02.04"]
[EventType "team"]
[EventRounds "9"]
[EventCountry "ESP"]
[SourceTitle "EXT 2014"]
[Source "ChessBase"]
[SourceDate "2013.11.20"]
[SourceVersion "1"]
[SourceVersionDate "2013.11.20"]
[SourceQuality "1"]
[WhiteTeam "Jaime Casas II"]
[BlackTeam "Atl Huesca"]
[WhiteTeamCountry "ESP"]
[BlackTeamCountry "ESP"]

1. d4 Nf6 2. Bg5 e6 3. e4 c5 4. e5 h6 5. Bxf6 gxf6 6. c3 cxd4 7. Qxd4 Nc6 8. Qe3 Nxe5 9. Nd2 Qc7 10. h3 b6 11. Ngf3 Bc5 12. Qe2 Bb7 13. Nxe5 Qxe5 14. Qxe5 fxe5 15. Nb3 Be7 16. Rg1 Rg8 17. g3 Bg5 18. Bg2 0-0-0 19. Bxb7+ Kxb7 20. Ke2 d5 21. Rad1 Bf6 22. Ke3 Bg5+ 23. Ke2 f5 24. h4 Bf6 25. Rd3 Bxh4 26. Rdd1 Bf6 27. Kf1 h5 28. Nc1 Rg4 29. Re1 Kc6 30. Nd3 e4 31. Nf4 e5 32. Ng2 f4 33. Rc1 fxg3 34. c4 d4 35. fxg3 Bg5 36. Rc2 e3 37. b3 d3 0-1

[Event "Huesca 4th"]
[Site "Huesca"]
[Date "2011.09.05"]
[Round "4.9"]
[White "Lasierra Cristobal, Jesus Carlos"]
[Black "Bellosta Lopez, Pablo"]
[Result "0-1"]
[WhiteElo "1582"]
[BlackElo "1984"]
[PlyCount "70"]
[EventDate "2011.06.20"]
[EventType "swiss"]
[EventRounds "6"]
[EventCountry "ESP"]
[SourceTitle "EXT 2024"]
[Source "ChessBase"]
[SourceDate "2023.10.10"]
[SourceVersion "1"]
[SourceVersionDate "2023.10.10"]
[SourceQuality "1"]

1. d4 d5 2. Nf3 c6 3. e3 Bf5 4. c4 e6 5. Qb3 Qb6 6. Qxb6 axb6 7. a3 Nf6 8. Nc3 h6 9. Be2 Bd6 10. b4 Bxb4 11. Bd2 Rxa3 12. Rxa3 Bxa3 13. 0-0 Bb4 14. Ra1 Ba5 15. c5 0-0 16. cxb6 Bxb6 17. Na4 Nbd7 18. Nxb6 Nxb6 19. Ra7 Rb8 20. Ne5 Ra8 21. Rxa8+ Nxa8 22. Ba5 Kf8 23. f3 Ke8 24. Kf2 Nd7 25. Nd3 b6 26. Bb4 Nc7 27. Nb2 c5 28. dxc5 Nxc5 29. Bc3 f6 30. h4 Kd7 31. g4 Bc2 32. g5 hxg5 33. hxg5 e5 34. gxf6 gxf6 35. f4 Ne4+ 0-1

[Event "Aragon-chT Preferente-B"]
[Site "Spain"]
[Date "2011.03.26"]
[Round "8.3"]
[White "Gutierrez Mingueza, Ruben"]
[Black "Bellosta Lopez, Pablo"]
[Result "1/2-1/2"]
[WhiteElo "2112"]
[BlackElo "1948"]
[PlyCount "123"]
[EventDate "2011.02.05"]
[EventType "team-tourn"]
[EventRounds "9"]
[EventCountry "ESP"]
[SourceTitle "EXT 2013"]
[Source "ChessBase"]
[SourceDate "2012.11.22"]
[SourceVersion "1"]
[SourceVersionDate "2012.11.22"]
[SourceQuality "1"]
[WhiteTeam "San Jose"]
[BlackTeam "Atl Huesca"]
[WhiteTeamCountry "ESP"]
[BlackTeamCountry "ESP"]

1. d4 Nf6 2. c4 g6 3. Nf3 Bg7 4. g3 0-0 5. Bg2 d6 6. Nc3 Nbd7 7. 0-0 e5 8. e4 c6 9. h3 Qa5 10. Be3 exd4 11. Nxd4 Nb6 12. Nb3 Qh5 13. Qxh5 Nxh5 14. Na5 Be6 15. g4 Nf6 16. Rfd1 Nfd7 17. Bf1 Ne5 18. c5 dxc5 19. Bxc5 Rfe8 20. Nxb7 Nbd7 21. Be3 Reb8 22. Ba6 h5 23. f4 hxg4 24. fxe5 gxh3 25. Rxd7 Bxd7 26. Nc5 Bg4 27. Nd3 Rd8 28. Rf1 Rd7 29. Bc4 Rad8 30. Nf2 h2+ 31. Kxh2 Bxe5+ 32. Kg2 Bh5 33. Be2 Bxe2 34. Nxe2 Bxb2 35. Ng4 Re8 36. Kf3 Rd3 37. Nf4 Ra3 38. Rf2 Bd4 39. Re2 f5 40. exf5 gxf5 41. Nh6+ Kh7 42. Nxf5 Bxe3 43. Nxe3 Kg8 44. Nfg2 Rf8+ 45. Ke4 Rb8 46. Nc4 Rg3 47. Nge3 Rb4 48. Kd4 Rb1 49. Kc5 Rc1 50. a4 Kf7 51. a5 Rg5+ 52. Kd6 Rg6+ 53. Kc7 Re6 54. Nd6+ Ke7 55. Nc8+ Kf7 56. Nd6+ Ke7 57. Nef5+ Kf6 58. Rf2 Ke5 59. Re2+ Kf6 60. Rf2 Ke5 61. Re2+ Kf6 62. Rd2 1/2-1/2

[Event "Aragon-chT Preferente-B"]
[Site "Spain"]
[Date "2011.03.19"]
[Round "7.3"]
[White "Bellosta Lopez, Pablo"]
[Black "Salas Latorre, Jose"]
[Result "1/2-1/2"]
[WhiteElo "1948"]
[BlackElo "1745"]
[PlyCount "97"]
[EventDate "2011.02.05"]
[EventType "team-tourn"]
[EventRounds "9"]
[EventCountry "ESP"]
[SourceTitle "EXT 2013"]
[Source "ChessBase"]
[SourceDate "2012.11.22"]
[SourceVersion "1"]
[SourceVersionDate "2012.11.22"]
[SourceQuality "1"]
[WhiteTeam "Atl Huesca"]
[BlackTeam "Jaime Casas II"]
[WhiteTeamCountry "ESP"]
[BlackTeamCountry "ESP"]

1. e4 d5 2. exd5 Nf6 3. c4 c6 4. d4 cxd5 5. Nc3 g6 6. Nf3 Bg7 7. Bg5 0-0 8. Bxf6 Bxf6 9. Nxd5 Bg7 10. Nc3 Nc6 11. d5 Ne5 12. Be2 Qa5 13. 0-0 Nxf3+ 14. Bxf3 Bxc3 15. bxc3 Qxc3 16. Qe2 Qf6 17. Rfe1 Re8 18. Rab1 Qd6 19. Qe3 b6 20. c5 bxc5 21. Rec1 Bf5 22. Rb5 Rab8 23. Rbxc5 Qb6 24. h3 e6 25. Qa3 exd5 26. Bxd5 Rec8 27. Rxc8+ Rxc8 28. Rxc8+ Bxc8 29. Qe7 Qb1+ 30. Kh2 Qf5 31. Qe4 Qxe4 32. Bxe4 Be6 33. a3 Kg7 34. Kg3 g5 35. Kf3 h6 36. Ke3 Kf6 37. Kd4 Ke7 38. Kc5 Kd7 39. Bc6+ Kc7 40. Bd5 Bxd5 41. Kxd5 Kb6 42. Kc4 Ka5 43. Kb3 Kb5 44. g4 f6 45. a4+ Kc5 46. Kc3 a5 47. f3 Kd5 48. Kd3 Kc5 49. Kc3 1/2-1/2

[Event "Aragon-chT Preferente-B"]
[Site "Spain"]
[Date "2011.03.12"]
[Round "6.2"]
[White "Bellosta Lopez, Pablo"]
[Black "Accattato Martin, Mario"]
[Result "0-1"]
[WhiteElo "1948"]
[BlackElo "2144"]
[PlyCount "56"]
[EventDate "2011.02.05"]
[EventType "team-tourn"]
[EventRounds "9"]
[EventCountry "ESP"]
[SourceTitle "EXT 2013"]
[Source "ChessBase"]
[SourceDate "2012.11.22"]
[SourceVersion "1"]
[SourceVersionDate "2012.11.22"]
[SourceQuality "1"]
[WhiteTeam "Atl Huesca"]
[BlackTeam "Casino Jaque"]
[WhiteTeamCountry "ESP"]
[BlackTeamCountry "ESP"]

1. e4 d6 2. d4 Nf6 3. Nc3 e5 4. Nf3 Nbd7 5. g4 Nxg4 6. Rg1 Ngf6 7. Bc4 h6 8. Be3 c6 9. dxe5 dxe5 10. Qd3 Qc7 11. 0-0-0 g6 12. Kb1 Be7 13. Nh4 Nf8 14. f4 exf4 15. e5 Ng4 16. Bxf4 Be6 17. Bxe6 Nxe6 18. Nxg6 Nxf4 19. Nxf4 Nf2 20. Qf5 Nxd1 21. Rxd1 Rd8 22. Rf1 Rf8 23. Nh5 Rd4 24. Ne4 Kd8 25. Nhf6 Bxf6 26. Nxf6 Qb6 27. c3 Rd2 28. b3 Qa5 0-1

[Event "Huesca op 3rd"]
[Site "Huesca"]
[Date "2010.09.25"]
[Round "5"]
[White "Accattato Martin, Mario"]
[Black "Bellosta Lopez, Pablo"]
[Result "0-1"]
[WhiteElo "2135"]
[BlackElo "1943"]
[PlyCount "42"]
[EventDate "2010.09.11"]
[EventType "swiss"]
[EventRounds "6"]
[EventCountry "ESP"]
[SourceTitle "CBM 138 Extra"]
[Source "ChessBase"]
[SourceDate "2010.10.29"]
[SourceVersion "1"]
[SourceVersionDate "2010.10.29"]
[SourceQuality "1"]

1. e4 c5 2. Nf3 d6 3. d4 Nf6 4. Nc3 cxd4 5. Qxd4 e5 6. Bb5+ Nbd7 7. Qd3 h6 8. Bd2 Be7 9. 0-0-0 0-0 10. Bxd7 Bxd7 11. h3 b5 12. g4 b4 13. Ne2 Qb6 14. g5 Bb5 15. Qb3 Nxe4 16. gxh6 Bxe2 17. Rdg1 Qxf2 18. Rxg7+ Kh8 19. Rxf7 Bxf3 20. Be3 Qxe3+ 21. Qxe3 Bg5 0-1

[Event "Aragon-chT Preferente"]
[Site "Spain"]
[Date "2010.03.13"]
[Round "8.64"]
[White "Bellosta Lopez, Pablo"]
[Black "Buil Montanes, Carlos"]
[Result "1-0"]
[WhiteElo "1892"]
[BlackElo "1895"]
[PlyCount "79"]
[EventDate "2010.01.23"]
[EventType "team-swiss"]
[EventRounds "12"]
[EventCountry "ESP"]
[SourceTitle "EXT 2013"]
[Source "ChessBase"]
[SourceDate "2012.11.22"]
[SourceVersion "1"]
[SourceVersionDate "2012.11.22"]
[SourceQuality "1"]
[WhiteTeam "Huesca Club Atletismo"]
[BlackTeam "Caissa Hermanos Cortes II"]
[WhiteTeamCountry "ESP"]
[BlackTeamCountry "ESP"]

1. e4 c5 2. Nf3 e6 3. d4 cxd4 4. Nxd4 Nc6 5. Nc3 Qc7 6. Be3 a6 7. Qd2 Nf6 8. f3 Bb4 9. Bd3 Ne5 10. a3 Bxc3 11. bxc3 d6 12. 0-0 0-0 13. Bg5 Nfd7 14. f4 Nxd3 15. cxd3 Nc5 16. f5 f6 17. Be3 e5 18. Ne2 Bd7 19. Kh1 Bb5 20. Bxc5 dxc5 21. c4 Bc6 22. Nc3 Qa5 23. Qb2 Rad8 24. Nd5 Bxd5 25. cxd5 Rf7 26. Rfc1 Rd6 27. Rab1 Rc7 28. Rc2 Kf8 29. g4 Qa4 30. g5 Qd4 31. gxf6 Qxd3 32. Qxe5 Rb6 33. Rg1 Rxf6 34. Qxc7 Qxc2 35. Qc8+ Kf7 36. Qxb7+ Ke8 37. Qc8+ Kf7 38. Qd7+ Kf8 39. Qxg7+ Ke8 40. Qg8+ 1-0